Städteraten - Asien - Statistiken

Allgemein
  • Dieses Quiz wurde 66 mal gespielt
  • Das Durchschnittsergebnis liegt bei 11 aus 15
Antwortstatistiken
Hint Antwort % Korrekt
Beherbergt die Verbotene Stadt Peking / China
98%
Hauptstadt von Südkorea Seoul / Südkorea
96%
Größte Metropolregion der Welt Tokyo / Japan
96%
Ehemals osmanische Hauptstadt Istanbul / Türkei
89%
Verfügt über den weltgrößten Hafen Shanghai / China
87%
Hauptstadt des Iran Teheran / Iran
87%
Wichtige Pilgerstätte für Weltreligionen Jerusalem / Israel
82%
Stadtstaat an der Malakka-Straße Singapur / Singapur
78%
Wolkenkratzer-Hauptstadt der Welt Dubai / VAE
76%
Frühere Hauptstadt Japans Kyoto / Japan
73%
Stadt des Smaragd-Buddha Bangkok / Thailand
64%
Japans traditionelles Handelszentrum Osaka / Japan
64%
Berühmt für das Taj Mahal Agra / Indien
60%
Berühmt für die Terrakotta-Armee Xi'an / China
47%
Hier ist das Rote Fort Delhi / Indien
44%
Keine übereinstimmenden Quizze gefunden
Verteilung der Resultate
Anzahl Personen mit jedem Resultat
Perzentil nach korrekt beantworteten Fragen
Ihre Resultats-Entwicklung
Sie haben dieses Quiz noch nicht gespielt